[Event "Hedmark & Oppland Region-ch"]
[Site "Hamar"]
[Date "2013.04.06"]
[Round "1"]
[White "Gjeddevann, Mikael"]
[Black "Stanghelle, Anders"]
[Result "0-1"]
[WhiteElo "515"]
[BlackElo "1308"]
[PlyCount "50"]
[EventDate "2013.04.06"]
[EventType "swiss"]
[EventRounds "5"]
[EventCountry "NOR"]
[SourceTitle "EXT 2024"]
[Source "ChessBase"]
[SourceDate "2023.10.10"]
[SourceVersion "1"]
[SourceVersionDate "2023.10.10"]
[SourceQuality "1"]

1. e4 e5 2. Nf3 Nc6 3. Bc4 Bc5 4. 0-0 Nf6 5. Nc3 0-0 6. d3 d6 7. Bg5 h6 8. Bxf6 Qxf6 9. Nd5 Qd8 10. Qd2 a6 11. c3 Na5 12. b4 Nxc4 13. dxc4 Ba7 14. c5 dxc5 15. Nxe5 c6 16. Ne7+ Qxe7 17. f4 cxb4+ 18. Kh1 bxc3 19. Qxc3 Rd8 20. Rad1 Rxd1 21. Rxd1 Bb8 22. Rd3 Bxe5 23. fxe5 Be6 24. Qd2 Qg5 25. Qxg5 hxg5 0-1

[Event "Nord Odal Sommer GP B"]
[Site "Sagstua"]
[Date "2010.06.13"]
[Round "5"]
[White "Christiansen, Johan Sebastian"]
[Black "Stanghelle, Anders"]
[Result "1-0"]
[WhiteElo "1523"]
[BlackElo "1142"]
[PlyCount "107"]
[EventDate "2010.06.12"]
[EventType "swiss"]
[EventRounds "5"]
[EventCountry "NOR"]
[SourceTitle "EXT 2024"]
[Source "ChessBase"]
[SourceDate "2023.10.10"]
[SourceVersion "1"]
[SourceVersionDate "2023.10.10"]
[SourceQuality "1"]

1. c4 f5 2. Nc3 Nf6 3. Nf3 e6 4. d4 Be7 5. g3 0-0 6. Bg2 d6 7. 0-0 a5 8. Qb3 c6 9. Bf4 Ne4 10. Rad1 Nxc3 11. Qxc3 Bf6 12. Qa3 Be7 13. Qd3 Nd7 14. e4 fxe4 15. Qxe4 Nf6 16. Qe2 Bd7 17. Ng5 Qc8 18. Bh3 Re8 19. Bxe6+ Bxe6 20. Qxe6+ Qxe6 21. Nxe6 Nh5 22. Nc7 Nxf4 23. gxf4 Rac8 24. Nxe8 Rxe8 25. Rde1 Kf7 26. Re3 Bf6 27. Rfe1 Rd8 28. Rd3 Kg6 29. Kg2 Kf5 30. Kf3 b6 31. a3 h6 32. b4 a4 33. c5 b5 34. cxd6 Rxd6 35. Rc1 Rxd4 36. Rc5+ Ke6 37. Rxd4 Bxd4 38. Rxc6+ Kd5 39. Rc2 Bf6 40. Rc5+ Kd4 41. Rxb5 Kc4 42. Ra5 Kb3 43. b5 Bd4 44. b6 Bxb6 45. Rb5+ Kxa3 46. Rxb6 Ka2 47. Kg4 a3 48. Kh5 Ka1 49. Kg6 a2 50. Kxg7 h5 51. f5 h4 52. f6 h3 53. Ra6 Kb1 54. f7 1-0

[Event "Nord Odal Sommer GP B"]
[Site "Sagstua"]
[Date "2010.06.13"]
[Round "4"]
[White "Stanghelle, Anders"]
[Black "Tidem, Trude Gilberg"]
[Result "1-0"]
[WhiteElo "1142"]
[BlackElo "919"]
[PlyCount "37"]
[EventDate "2010.06.12"]
[EventType "swiss"]
[EventRounds "5"]
[EventCountry "NOR"]
[SourceTitle "EXT 2024"]
[Source "ChessBase"]
[SourceDate "2023.10.10"]
[SourceVersion "1"]
[SourceVersionDate "2023.10.10"]
[SourceQuality "1"]

1. f4 Nf6 2. Nf3 d6 3. e3 g6 4. Be2 Bg7 5. 0-0 0-0 6. d3 Nbd7 7. Nc3 a6 8. e4 b5 9. Rb1 Bb7 10. Be3 c5 11. Qc1 Qc7 12. f5 Ng4 13. fxg6 Nxe3 14. gxh7+ Kxh7 15. Ng5+ Kg8 16. Qxe3 Bh6 17. Qg3 Bg7 18. Qh4 Rfc8 19. Qh7+ 1-0

[Event "Hedmark & Oppland Region-ch C&D"]
[Site "Hamar"]
[Date "2009.03.28"]
[Round "1"]
[White "Stanghelle, Anders"]
[Black "Rodvik, Trym Daniel"]
[Result "1/2-1/2"]
[WhiteElo "1081"]
[BlackElo "1144"]
[PlyCount "103"]
[EventDate "2009.03.28"]
[EventType "swiss"]
[EventRounds "5"]
[EventCountry "NOR"]
[SourceTitle "EXT 2024"]
[Source "ChessBase"]
[SourceDate "2023.10.10"]
[SourceVersion "1"]
[SourceVersionDate "2023.10.10"]
[SourceQuality "1"]

1. f4 d5 2. Nf3 c5 3. e3 a6 4. Be2 Nc6 5. 0-0 Nf6 6. d3 e6 7. Ne5 Bd6 8. Nxc6 bxc6 9. Bf3 e5 10. fxe5 Bxe5 11. e4 0-0 12. c4 Qd6 13. g3 Bh3 14. Bg2 Bxg2 15. Kxg2 dxe4 16. dxe4 Nxe4 17. Qxd6 Nxd6 18. Na3 Rab8 19. Rb1 f6 20. b3 g5 21. Bb2 Bxb2 22. Rxb2 Kg7 23. Rd2 Ne4 24. Rd7+ Kg6 25. Rf3 Rbd8 26. Rfd3 Rxd7 27. Rxd7 g4 28. Nb1 Rf7 29. Rd8 f5 30. Rg8+ Rg7 31. Rc8 Rd7 32. Rxc6+ Kg5 33. Rxa6 Rd1 34. Na3 Rd2+ 35. Kg1 Rxa2 36. Ra7 Nd2 37. Rg7+ Kf6 38. Ra7 Nxb3 39. Ra6+ Kg5 40. Ra8 Nd2 41. Rg8+ Kh6 42. Nb5 Nxc4 43. Rc8 Ne5 44. Rxc5 Nf3+ 45. Kf1 Nxh2+ 46. Kg1 Nf3+ 47. Kf1 Nd2+ 48. Kg1 Nf3+ 49. Kf1 Kg5 50. Nd6 Nh2+ 51. Ke1 Nf3+ 52. Kf1 1/2-1/2